| 000 | 00502nam a2200193Ia 4500 | ||
|---|---|---|---|
| 003 | GCL | ||
| 008 | 140319s9999 xx 000 0 eng d | ||
| 040 |
_aGCL / _cGCL |
||
| 082 | 0 | 4 |
_a307.3 _bB V |
| 100 | 1 | _aGALES, PATRICK LE | |
| 245 | 1 | 0 |
_aVILLES EN EUROPE / _cGALES, PATRICK LE |
| 700 | 1 | _aBAGNASCE, ARNALDE | |
| 260 |
_a[S.N] : _bEDITIONS LA DECOUVERTE ، _c1997 |
||
| 300 | _a280 P | ||
| 650 | 0 | 4 | _aVILLAGE COMMUNITIES |
| 650 | 0 | 4 | _aVILLAGES |
| 650 | 0 | 4 | _aVILLAGES - EUROPE |
| 942 |
_2ddc _cBK |
||
| 999 |
_c16290 _d16290 |
||